00460 2200181 4500245006100000020001800061250001100079700001700090700001700107100001700124650001000141005001900151260004100170041001400211084001000225300003400235336000900269 aLooking For The Lost Paradise Vol. 2cWoo, Lee JinhText a9789792090970 aCet. 1 aIvana Tamrin aTaejin, Jung aWoo, Lee Jin aKomik a20230202104630 aJakartabElex Media Komputindoc2006 aIndonesia a741.5 a... jil. :bilus. ;c17,5 cm. atext